00921nam a2200253Ia 4500003000400000005001700004008004100021020001800062040001800080041000800098082001900106100002600125245009300151250001200244260006900256300002800325650004800353650002900401650002800430650003000458942002600488999001900514952013400533OSt20251028103215.0210716s2019 xx 000 0 und d a9788126551040 cAIMIT LIBRARY aeng a005.758 bPETA aPetrov, Alex.9242768 aDatabase internals:bdeep dive into how distributed data systems work /cBy Alex Petrov. a1st ed. aMumbai :bShroff Publications and Distributers Pvt Ltd ,c2019. axix,349 p.;bPBc24 cm. aTransaction processing and recovery9242769 aB- tree variants9242777 aLeader election9242778 aFailure detection9242922 2ddccBKk005.758 PETA c197098d197098 001040708MCAaAIMITbAIMITeShroff Publishersg1300.00l0o005.758 PETApMCA16613r2026-05-23 00:00:00v975.00w2021-07-16yBK